000 00539nam a2200181Ia 4500
005 20250317123335.0
008 008 250317s9999 xx 000 0 eng d
037 _aTextbook
040 _aFMSL
_beng
_cFMSL
041 _aeng
_2eng
084 _aD658(B) L2
_qFMSL
100 _aSeidel K P
_9735539
245 0 _aFortran: with emphasis on the c d clower 3000 series computers
260 _acalifonia
_bcalifonia, Good Year
_c1972
300 _a144p
942 _cTB
_hD658(B) L2
999 _c1250866
_d1250866